Cost Management (Record no. 3681)

MARC details
005 - DATE AND TIME OF LATEST TRANSACTION
control field 20250613092007.0
020 ## - INTERNATIONAL STANDARD BOOK NUMBER
International Standard Book Number 0-07-283008-5
082 ## - DEWEY DECIMAL CLASSIFICATION NUMBER
Classification number 658.12 HIL
100 ## - MAIN ENTRY--PERSONAL NAME
Author name HILTON, W. R
245 ## - TITLE STATEMENT
Title Cost Management
250 ## - EDITION STATEMENT
Edition statement 3rd Ed.
260 ## - PUBLICATION, DISTRIBUTION, ETC.
Place of publication, distribution, etc. Boston
Name of publisher, distributor, etc. McGraw-Hill Irwin
Date of publication, distribution, etc. 2006.
300 ## - PHYSICAL DESCRIPTION
Extent xxxvii, 914p.
Other physical details Index
Dimensions 28 cm
700 ## - ADDED ENTRY--PERSONAL NAME
Other authors/Editors Michael W. Maher
700 ## - ADDED ENTRY--PERSONAL NAME
Other authors/Editors Frank H. Selto
942 ## - ADDED ENTRY ELEMENTS (KOHA)
Source of classification or shelving scheme Dewey Decimal Classification
Koha item type Books
Holdings
Date last seen Total checkouts Full call number Barcode Cost, replacement price Price effective from Koha item type Lost status Source of classification or shelving scheme Damaged status Not for loan Withdrawn status Home library Current library Shelving location Date acquired Source of acquisition Cost, normal purchase price
06/11/2025   658.12 HIL MZA000680 150000.00 06/11/2025 Books   Dewey Decimal Classification       CBE Mwanza CBE Mwanza General Collection 07/01/2007 Library Budget 50000.00
06/11/2025   658.12 HIL MZA000681 150000.00 06/11/2025 Books   Dewey Decimal Classification       CBE Mwanza CBE Mwanza General Collection 07/01/2007 Library Budget 50000.00
06/11/2025   658.12 HIL MZA000682 150000.00 06/11/2025 Books   Dewey Decimal Classification       CBE Mwanza CBE Mwanza General Collection 07/01/2007 Library Budget 50000.00
06/11/2025   658.12 HIL MZA000683 150000.00 06/11/2025 Books   Dewey Decimal Classification       CBE Mwanza CBE Mwanza General Collection 07/01/2007 Library Budget 50000.00
06/11/2025   658.12 HIL MZA000684 150000.00 06/11/2025 Books   Dewey Decimal Classification       CBE Mwanza CBE Mwanza General Collection 07/01/2007 Library Budget 50000.00